| 000 -LEADER |
| fixed length control field |
01022nam a22002177a 4500 |
| 003 - CONTROL NUMBER IDENTIFIER |
| control field |
OSt |
| 005 - DATE AND TIME OF LATEST TRANSACTION |
| control field |
20250204152410.0 |
| 008 - FIXED-LENGTH DATA ELEMENTS--GENERAL INFORMATION |
| fixed length control field |
250204b ||||| |||| 00| 0 eng d |
| 020 ## - INTERNATIONAL STANDARD BOOK NUMBER |
| International Standard Book Number |
9780174247975 |
| 040 ## - CATALOGING SOURCE |
| Transcribing agency |
KH8 |
| 082 ## - DEWEY DECIMAL CLASSIFICATION NUMBER |
| Classification number |
400 JAC |
| 100 ## - MAIN ENTRY--PERSONAL NAME |
| Personal name |
Jackman, John, |
| Relator term |
author. |
| 245 ## - TITLE STATEMENT |
| Title |
Developing Non- Fiction Skills / |
| Statement of responsibility, etc. |
John Jackman and Wendy Wren. |
| 260 ## - PUBLICATION, DISTRIBUTION, ETC. |
| Place of publication, distribution, etc. |
United Kingdom ; |
| Name of publisher, distributor, etc. |
Oxford University Press, |
| Date of publication, distribution, etc. |
2000. |
| 300 ## - PHYSICAL DESCRIPTION |
| Extent |
80 pages : |
| Other physical details |
color illustrations ; |
| Dimensions |
28 cm. |
| 520 ## - SUMMARY, ETC. |
| Summary, etc. |
The Developing Fiction Skills and Developing Non-Fiction Skills pupil books explore a wide range of texts using parallel themes. Each book contains twelve units offering four units per term. The parallel themes common to both the Fiction and Non-Fiction strands allow for comparison, an exploration of the same theme in different text types and effectively integrates the teaching of non-fiction.<br/> |
| 650 ## - SUBJECT ADDED ENTRY--TOPICAL TERM |
| Topical term or geographic name entry element |
English |
| Form subdivision |
practice book |
| 650 ## - SUBJECT ADDED ENTRY--TOPICAL TERM |
| Topical term or geographic name entry element |
English |
| Form subdivision |
exercises |
| 700 ## - ADDED ENTRY--PERSONAL NAME |
| Personal name |
Wren, Wendy, |
| Relator term |
author. |
| 942 ## - ADDED ENTRY ELEMENTS (KOHA) |
| Source of classification or shelving scheme |
|
| Koha item type |
Books - Non Ficton |